000 00759nam a2200217 4500
999 _c63387
_d63387
005 20240530110638.0
008 171003s ua g 000 0 ara d
017 _bمصر. دار الكتب
040 _aEG-CaGPL
_cEG-CaGPL
082 0 4 _221
_a239\
_bهـ ن
100 0 _aهشام عزت .
245 1 2 _aالنبى الخاتم صلى الله عليه وسلم :
_bنبى الامم /
_cاعداد هشام عزت ؛ راجعه و قدم له و علق عليه وديع احمد فتحى .
250 _aط.1
260 _aالقاهرة :
300 _a126 ص ؛
_c24 سم .
650 0 7 _2qrmak
_aالسيرة النبوية .
650 0 7 _2qrmak
_aاخلاق الرسول .
651 _2qrmak
942 _2ddc
_cBK